| 000 | 01996cam a22003974i 4500 | ||
|---|---|---|---|
| 003 | PE-LiUPU | ||
| 005 | 20250731183416.0 | ||
| 008 | 150623s r 000 0 d | ||
| 020 | _a0881502170 | ||
| 035 | _a(Sirsi) i9780881502176 | ||
| 040 |
_aPE-LiUPU _bspa _cPE-LiUPU _erda |
||
| 049 | _aPRUA | ||
| 082 | 0 | 4 |
_a796.51 _bF76 _221 |
| 100 | 1 |
_aFord, Norman D., _d1921-, _eautor. |
|
| 245 | 1 | 0 |
_aWalk to your heart's content : _bthe way to fitness, health and adventure / _cNorman D. Ford. |
| 264 | 1 |
_aWoodstock, Vermont : _bThe Countryman Press, _c1992. |
|
| 300 |
_a220 páginas : _bilustraciones fotos, gráficos ; _c23 centímetros |
||
| 336 |
_atext _2rdacontent |
||
| 337 |
_aunmediated _2rdamedia |
||
| 338 |
_avolume _2rdacarrier |
||
| 504 | _aIncluye bibliografía. | ||
| 505 | 0 | _aThe walking prescription for fitness and health. The high-carbohydrate, high-energy diet for walkers. Walking to lower your cholesterol level. Walk yourself slim. walk your way to fitness. warming up and cooling down. Walking uphill and going the distance. High-performance walking. How to break into competitive walking. Where to walk: malls, walkathons, volksmarches, and orienteering. Where to walk: day walks. Where to walk: adventure walking by group tour. Where to walk: adventure walking on your own. Foot care for walkers. The footwear revolution. Functional walking wear. | |
| 526 | _aP158 | ||
| 526 | _aP146 | ||
| 526 | _aP17 | ||
| 526 | _aP12 | ||
| 526 | _aP06 | ||
| 650 | 0 | 4 | _aHabilidad para caminar. |
| 650 | 0 | 4 | _aSalud física. |
| 942 |
_2ddc _cBOOK |
||
| 949 |
_a796.51 F76 _wDEWEY _c1 _i51678 _lCCODEBUL1 _mBUL _p10.00 _r0 _sY _tBOOK _u2015-6-24 _xTEOLOGIA _PP35 _0COMPRA _o.STAFF. Colección General |
||
| 994 |
_aC0 _bPEPRU |
||
| 596 | _a1 | ||
| 999 |
_a796.51 F76 _wDEWEY _c33430 _i51678 _f2021-11-9 _g4 _lCCODEBUL1 _mBUL _p10.00 _r0 _sY _tBOOK _u2015-6-24 _xEDUCACION _PP35 _0COMPRA _o.STAFF. Colección General _d33430 |
||
| 980 |
_81 _gALBERTO SANCHEZ Responsable de Automatización |
||